Music Quiz

Random Music or Lyrics Quiz

Song Lyrics Quiz Stats

 Plays Quiz not verified by Sporcle

Score 0/174 Timer 08:00
0 Plays Today
% Correct
the
98.4%
a
98.4%
the
98.4%
a
98.4%
the
98.4%
the
98.4%
a
98.4%
a
98.4%
the
98.4%
the
98.4%
and
98.4%
A
98.4%
the
98.4%
a
98.4%
the
98.4%
a
98.4%
the
98.4%
the
98.4%
a
98.4%
A
98.4%
the
98.4%
the
98.4%
and
98.4%
The
98.4%
you
96.8%
you
96.8%
you
96.8%
you
96.8%
you
96.8%
you
96.8%
you
96.8%
you
96.8%
we
82.5%
we
82.5%
me
82.5%
me
82.5%
me
82.5%
we
82.5%
me
82.5%
we
82.5%
we
82.5%
in
71.4%
in
71.4%
in
71.4%
in
71.4%
In
71.4%
in
71.4%
In
71.4%
in
71.4%
are
69.8%
were
63.5%
were
63.5%
were
63.5%
were
63.5%
she
63.5%
were
63.5%
were
63.5%
How
58.7%
% Correct
How
58.7%
your
58.7%
Where
57.1%
where
57.1%
Where
57.1%
her
54%
that
47.6%
That
47.6%
why
44.4%
why
44.4%
will
38.1%
will
38.1%
from
38.1%
will
38.1%
will
38.1%
from
38.1%
will
38.1%
down
36.5%
up
36.5%
down
36.5%
know
36.5%
don't
33.3%
don't
33.3%
get
30.2%
people
28.6%
many
27%
many
27%
But
27%
than
25.4%
now
25.4%
than
25.4%
never
22.2%
never
22.2%
while
20.6%
while
20.6%
while
20.6%
I
20.6%
find
19%
find
19%
find
19%
find
19%
they're
19%
high?
15.9%
high?
15.9%
away
15.9%
high?
15.9%
away
15.9%
getting
14.3%
getting
14.3%
sky
14.3%
sky
14.3%
eye
14.3%
getting
14.3%
sky
14.3%
sky
14.3%
lives
11.1%
living
11.1%
hall
11.1%
% Correct
beneath
11.1%
beneath
11.1%
hall
11.1%
beneath
11.1%
beneath
11.1%
gonna
11.1%
around
11.1%
walking
9.5%
change?
9.5%
Someday
9.5%
caught
9.5%
landslide
9.5%
champagne
9.5%
supernova
9.5%
someday
9.5%
caught
9.5%
landslide
9.5%
champagne
9.5%
supernova
9.5%
champagne
9.5%
supernova
9.5%
ask
9.5%
walking
9.5%
Someday
9.5%
Caught
9.5%
landslide
9.5%
champagne
9.5%
supernova
9.5%
Someday
9.5%
Caught
9.5%
landslide
9.5%
champagne
9.5%
supernova
9.5%
champagne
9.5%
supernova
9.5%
strange?
7.9%
tear
7.9%
believe
7.9%
summer
7.9%
still
7.9%
special
6.3%
Slowly
6.3%
faster
6.3%
cannonball
6.3%
Wake
6.3%
dreams,
6.3%
Slowly
6.3%
Faster
6.3%
cannonball
6.3%
die
6.3%
dawn
4.8%
dreamer
4.8%
dies
4.8%
Wipe
4.8%
'Cuz
4.8%
spinning
4.8%
worlds's
1.6%
Why-why-why-why
1.6%

You're not logged in!

Compare scores with friends on all Sporcle quizzes.
OR
Log In

Show Comments

Extras

Created Nov 13, 2010ReportNominate
Tags:Lyrics Quiz, Song Quiz

Top Quizzes Today


Score Distribution

Your Account Isn't Verified!

In order to create a playlist on Sporcle, you need to verify the email address you used during registration. Go to your Sporcle Settings to finish the process.

Report this User

Report this user for behavior that violates our Community Guidelines.

Details: